000 00249nam a22001097a 4500
008 170119b xxu||||| |||| 00| 0 eng d
020 _a9781582554365
041 _aeng
080 _a618.2
245 _aNURSING DRUG GUIDE
_cKARCH, A.M
942 _2udc
_cBK
999 _c3148
_d3148